Arqueología, Biblia, Historia

Saved in:
Bibliographic Details
Main Authors: Briend, Jacques (Author), Artus, Olivier (Author)
Other Authors: Noël, Damien (autor)
Format: Book
Language:Spanish
Published: Pamplona Verbo Divino 2006
Series:Cuadernos Bíblicos, 131
Subjects:
Tags: Add Tag
No Tags, Be the first to tag this record!

MARC

LEADER 00000cam a2200000 a 4500
001 UCH8814
003 CL-VaPUC
008 091211e20060000SP |||||||||||||||||spa|d
020 |a 9788481693485 
082 0 4 |a 220.93  |b BRI  |2 21 
100 0 |a Briend, Jacques  |e author  |9 545486 
700 0 |a Artus, Olivier  |e author  |9 545487 
700 |a Noël, Damien  |e autor  |9 536702 
245 1 0 |a Arqueología, Biblia, Historia 
300 |a 60 p 
942 |c BK 
945 |d 20091211 00:00:00  |a dcastane 
260 |a Pamplona  |b Verbo Divino  |c 2006 
650 0 |a Biblia  |9 257603 
650 0 |a Textos sagrados   |9 257605 
650 0 |a Arqueología y biblia  |9 545489 
650 0 |a Arqueología e historia  |9 545490 
583 |a last modification  |c 20160705 11:08:30  |k Rodrigo Vera 
490 0 |a Cuadernos Bíblicos, 131 
999 |c 338921  |d 338919 
952 |0 0  |1 0  |4 0  |6 220_930000000000000_BRI_2006  |7 0  |8 A  |9 432216  |a BIBTEO  |b BIBTEO  |d 2019-11-22  |i 4623398  |o 220.93 BRI 2006  |p 4623398  |r 2025-01-17  |w 2019-11-22  |y BK  |k ICR 
952 |0 0  |1 0  |3 erb  |4 0  |6 220_930000000000000_BRI_2006  |7 0  |8 A  |9 432217  |a BIBTEO  |b BIBTEO  |i 5295939  |o 220.93 BRI 2006  |p 5295939  |r 2025-01-17  |w 2019-11-22  |y BK  |z Catalogado en:20160708  |k ICR